All about deer /

Discusses the deer that inhabit North and Central America, including information about their life cycles, eating habits, and habitats.

Bibliographic Details
Main Author: Arnosky, Jim
Format: Book
Language:English
Published: New York : Scholastic, [1996]
Subjects:

MARC

Tag First Indicator Second Indicator Subfields
LEADER 00000pam a2200000 a 4500
001 in00001409955
005 20151020070431.0
008 951030s1996 nyua j 000 0 eng
010 |a  95026238  
020 |a 0590467921 
035 |a (OCoLC)33668227 
035 |9 AHP8893AM 
040 |a DLC  |c DLC  |d UtOrBLW 
049 |a TXAG 
050 0 0 |a QL737.U55  |b A755 1996 
082 0 0 |a 599.73/57  |2 20 
100 1 |a Arnosky, Jim. 
245 1 0 |a All about deer /  |c Jim Arnosky. 
264 1 |a New York :  |b Scholastic,  |c [1996] 
264 4 |c ©1996 
300 |a 1 volume (unpaged) :  |b color illustrations ;  |c 20 x 24 cm. 
336 |a text  |b txt  |2 rdacontent 
337 |a unmediated  |b n  |2 rdamedia 
338 |a volume  |b nc  |2 rdacarrier 
520 |a Discusses the deer that inhabit North and Central America, including information about their life cycles, eating habits, and habitats. 
650 0 |a Deer  |v Juvenile literature. 
650 1 |a Deer. 
948 |a c:en 
999 |a MARS 
999 f f |s 512c2736-79ae-3b0b-8f52-35df6cde591f  |i 3c0d9d53-6ef8-3d4f-bdd0-a8988d018402  |t 0 
952 f f |p normal  |a Texas A&M University  |b College Station  |c Sterling C. Evans Library  |d Evans: Curriculum Collection (4th floor)  |t 0  |e QL737.U55 A755 1996  |h Library of Congress classification  |i unmediated -- volume  |m A14822370850 
998 f f |a QL737.U55 A755 1996  |t 0  |l Evans: Curriculum Collection (4th floor)